| 000 | 00474nam a22001577a 4500 | ||
|---|---|---|---|
| 999 |
_c2781 _d2781 |
||
| 008 | 150731b xxu||||| |||| 00| 0 eng d | ||
| 020 | _a0727916777 | ||
| 050 | _aRA 644 .A23A3 2001 | ||
| 100 | _aEdited by Adler, Michael W. | ||
| 245 |
_aABC of AIDS/ _cEdited by Michael W. Adler |
||
| 250 | _a5th ed. | ||
| 260 |
_aLondon: _bELST, _c2001. |
||
| 300 |
_aviii, 118 p.: _bill. (some col.); _c27 cm. |
||
| 504 | _aIncludes index. | ||
| 650 | _aHIV and AIDS. | ||
| 942 |
_2lcc _cBOOKS _hRA 644 .A23A3 2001 |
||